ARRUPE JESUIT UNIVERSITY

CORONAVIRUS -STOP THE SPREAD - CLEAN,DISINFECT,COVER

Swallowing a fishbone? : (Record no. 118120)

MARC details
000 -LEADER
fixed length control field 01167cam a2200289 a 4500
001 - CONTROL NUMBER
control field 4521883
003 - CONTROL NUMBER IDENTIFIER
control field ARRUPE
005 - DATE AND TIME OF LATEST TRANSACTION
control field 20130927111126.0
008 - FIXED-LENGTH DATA ELEMENTS--GENERAL INFORMATION
fixed length control field 000717s1996 enk b 000 0 eng d
020 ## - INTERNATIONAL STANDARD BOOK NUMBER
International Standard Book Number 0281049491
035 ## - SYSTEM CONTROL NUMBER
System control number (OCoLC)34695845
035 ## - SYSTEM CONTROL NUMBER
System control number (OCoLC)ocm34695845
035 ## - SYSTEM CONTROL NUMBER
System control number (NNC)4521883
040 ## - CATALOGING SOURCE
Original cataloging agency MH
Transcribing agency MH
Modifying agency CStRLIN
050 ## - LIBRARY OF CONGRESS CALL NUMBER
Classification number BT83.55
Item number .S971 1996
300 ## - PHYSICAL DESCRIPTION
Dimensions 22 cm
245 00 - TITLE STATEMENT
Title Swallowing a fishbone? :
Remainder of title feminist theologians debate Christianity /
Statement of responsibility, etc edited by Daphne Hampson
260 ## - PUBLICATION, DISTRIBUTION, ETC. (IMPRINT)
Place of publication, distribution, etc Reading :
Name of publisher, distributor, etc SPCK Press,
Date of publication, distribution, etc 1996
300 ## - PHYSICAL DESCRIPTION
Extent xiv, 186 p. ;
504 ## - BIBLIOGRAPHY, ETC. NOTE
Bibliography, etc Includes bibliographical references
505 0# - FORMATTED CONTENTS NOTE
Formatted contents note On autonomy and heteronomy / Daphne Hampson -- Turning the symbols / Janet Martin Soskice -- The power to re-member / Nicola Slee -- Women, rationality and theology / Jane Shaw -- Radical passion / Julie Hopkins -- Kenōsis and subversion / Sarah Coakley -- [Responses] -- [Afterwords]
650 #0 - SUBJECT ADDED ENTRY--TOPICAL TERM
Topical term or geographic name as entry element Women in Christianity.
9 (RLIN) 1580
650 #0 - SUBJECT ADDED ENTRY--TOPICAL TERM
Topical term or geographic name as entry element Feminism
General subdivision Religious aspects
-- Christianity.
9 (RLIN) 1581
650 #0 - SUBJECT ADDED ENTRY--TOPICAL TERM
Topical term or geographic name as entry element Feminist theology.
9 (RLIN) 1582
700 1# - ADDED ENTRY--PERSONAL NAME
Personal name Hampson, Margaret Daphne.
9 (RLIN) 1583
942 ## - ADDED ENTRY ELEMENTS (KOHA)
Source of classification or shelving scheme Library of Congress Classification
Koha item type Monograph ( Printed materials)
Holdings
Withdrawn status Lost status Source of classification or shelving scheme Damaged status Not for loan Home library Current library Shelving location Date acquired Total Checkouts Full call number Barcode Date last seen Price effective from Koha item type
    Library of Congress Classification     ARRUPE LIBRARY ARRUPE LIBRARY Main Collection 27/09/2013   BT83.55 .S971 1996 46410119 11/01/2017 27/09/2013 Monograph ( Printed materials)

 

Arrupe Library. PO Box MP320 Mt Pleasant, Harare, Zimbabwe
263 242 745411|librarian@aju.ac.zw